| 000 | 01568 a2200373 4500 | ||
|---|---|---|---|
| 001 | 24027833 | ||
| 003 | 0000 | ||
| 005 | 20251015091208.0 | ||
| 008 | 250212s2025 enk b 001 0 eng | ||
| 010 | _a 2024040580 | ||
| 020 | _a9781032544007 | ||
| 035 | _a24027833 | ||
| 040 |
_aDLC _beng _erda _cDLC |
||
| 042 | _apcc | ||
| 050 | 0 | 0 | _aHD 1382.5 .W42 |
| 082 | 0 | 0 |
_a332.7/2 _223/eng/20250212 |
| 100 | 1 |
_aWeidner, Maria, _eauthor. |
|
| 245 | 1 | 0 |
_aReal estate financial modelling in Excel / _cMaria Weidner. |
| 263 | _a2504 | ||
| 264 | 1 |
_aAbingdon, Oxon ; _aNew York, NY : _bRoutledge, _c2025. |
|
| 300 | _avii, 233p. ill. | ||
| 336 |
_atext _btxt _2rdacontent |
||
| 337 |
_aunmediated _bn _2rdamedia |
||
| 338 |
_avolume _bnc _2rdacarrier |
||
| 504 | _aIncludes bibliographical references and index. | ||
| 520 |
_a"Get ahead of your peers with Real Estate Financial Modelling in Excel, a book specifically designed to ensure that the next generation of property professionals become experts in the quantitative analysis of real estate investments"-- _cProvided by publisher. |
||
| 630 | 0 | 0 | _aMicrosoft Excel (Computer file) |
| 650 | 0 |
_aReal estate investment _xFinance _xData processing. |
|
| 650 | 0 |
_aReal estate investment _xMathematical models. |
|
| 776 | 0 | 8 |
_iOnline version: _aWeidner, Maria. _tReal estate financial modelling in Excel _dAbingdon, Oxon ; New York, NY : Routledge, 2025 _z9781003424895 _w(DLC) 2024040581 |
| 906 |
_a7 _bcbc _corignew _d1 _eecip _f20 _gy-gencatlg |
||
| 942 |
_2lcc _cBK |
||
| 999 |
_c43772 _d43772 |
||